[Event "British Chess Championships 2023: Junior Blitz Open"]
[Site "The Venue, De Montfort University, 20 Western Boulevard, Leicester, LE2 7BU"]
[Date "2023.07.27"]
[Round "5"]
[Board "24"]
[White "Kumar, Sachin"]
[Black "Sewart, Daniel"]
[Result "1-0"]
[WhiteElo "1608"]
[BlackElo "1374"]
[PlyCount "0"]
[EventDate "2023.07.27"]
[EventRounds "9"]
[EventCountry "ENG"]

1. e4 c5 2. Nf3 d6 3. d4 cxd4 4. Nxd4 Nf6 5. Nc3 g6 6. Be3 Bg7 7. Bc4 Nc6 8. Bb3
O-O 9. f3 Bd7 10. Qd2 a6 11. O-O-O Qc7 12. h4 h5 13. Rdg1 b5 14. Nd5 Nxd5 15. Bxd5
Rac8 16. Bb3 Nxd4 17. Bxd4 a5 18. Bxg7 Kxg7 19. a3 a4 20. Ba2 d5 21. exd5 Bf5 22.
Bb1 Qd7 23. g4 hxg4 24. fxg4 Bxg4 25. h5 Bf5 26. hxg6 fxg6 27. Qh6+ Kf7 28. Qd2 Rfd8
29. Rh7+ Kf6 30. Qg5+ Ke5 31. Re1+ Kd6 32. Qf4+ Kc5 33. Qb4+ Kb6 34. Qd4+ Ka6 35.
Rexe7 Qxe7 36. Rxe7 Ra8 37. Qf6+ Ka5 38. Qc3+ Ka6 39. Rc7 Re8 40. Rc6+ Kb7 41. Qb4
Ra7 42. Qxb5+ Ka8 43. Qb4 Re1+ 44. Qxe1 Rb7 45. Qe8+ Ka7 46. Qe3+ Ka8 47. Ra6+ Kb8
48. Qe5+ Kc8 49. Ra8+ Kd7 50. Qe8+ Kd6 51. Rd8+ Kc5 52. Qe3+ Kb5 53. c4+ Ka6 54.
Rd6+ Ka5 55. Qc5+  1-0

[Event "British Chess Championships 2023: Junior Blitz Open"]
[Site "The Venue, De Montfort University, 20 Western Boulevard, Leicester, LE2 7BU"]
[Date "2023.07.27"]
[Round "5"]
[Board "25"]
[White "Gadiot, Ashton"]
[Black "Thomas, James"]
[Result "1/2-1/2"]
[WhiteElo "1227"]
[BlackElo "1616"]
[PlyCount "0"]
[EventDate "2023.07.27"]
[EventRounds "9"]
[EventCountry "ENG"]

1. e4 e6 2. d4 d5 3. Nc3 dxe4 4. Nxe4 Nd7 5. Nf3 Ngf6 6. Bg5 Be7 7. Nxf6+ Nxf6 8.
c3 O-O 9. Bd3 h6 10. Bxf6 Bxf6 11. O-O b6 12. a4 a5 13. Qe2 Bb7 14. Be4 Bxe4 15.
Qxe4 Qe7 16. Rfe1 c5 17. d5 Rfe8 18. dxe6 Qxe6 19. Qxe6 Rxe6 20. Rxe6 fxe6 21. Re1
Re8 22. Ne5 Bxe5 23. Rxe5 Rd8 24. h4 Rd2 25. Rxe6 Rxb2 26. Rc6 Rb3 27. Kh2 Rxc3 28.
Rxb6 Rc4 29. Rc6 Rxh4+ 30. Kg3 Rxa4 31. Rxc5 Ra2 32. Rc7 a4 33. Ra7 a3 34. f3 Ra1
35. Kf2 a2 36. Kg3 Kf8 37. Kf2 Ke8 38. Kg3 Kd8 39. Kf2 Kc8 40. Kg3 Kb8 41. Ra3 Kb7
42. Kf2 Kb6 43. Kg3 Kb5 44. Ra8 Kb4 45. Rb8+ Kc5 46. Ra8 Kb6 47. Ra3 h5 48. Ra8 h4+
49. Kg4 Kb7 50. Ra3 h3 51. Kg3 g5 52. Ra4 Kb6 53. Ra8 Kc6 54. Ra7 Kd6 55. Ra8 Ke6
56. Ra7 Kf6 57. Ra8 Kf5 58. Ra7 Kg6 59. Ra8 Kh5 60. Rh8+ Kg6 61. Ra8 Kf5 62. Ra7
Ke6 63. Ra8 Kd7 64. Ra7+ Kc6 65. Ra8 Kb7 66. Ra3 Kc7  1/2-1/2

[Event "British Chess Championships 2023: Junior Blitz Open"]
[Site "The Venue, De Montfort University, 20 Western Boulevard, Leicester, LE2 7BU"]
[Date "2023.07.27"]
[Round "5"]
[Board "26"]
[White "Kumar, Arnav"]
[Black "Pai, Aditya"]
[Result "1-0"]
[WhiteElo "1526"]
[BlackElo "1338"]
[PlyCount "0"]
[EventDate "2023.07.27"]
[EventRounds "9"]
[EventCountry "ENG"]

1. e4 c5 2. Nf3 Nc6 3. d4 cxd4 4. Nxd4 d6 5. Nc3 g6 6. Be3 Bg7 7. f3 Nf6 8. Qd2 Bd7
9. Be2 Rc8 10. O-O-O O-O 11. h4 Qa5 12. g4 Nb4 13. a3 Na6 14. h5 Qc7 15. hxg6 fxg6
16. Bxa6 bxa6 17. Bh6 Rf7 18. Bxg7 Rxg7 19. g5 Nh5 20. Nd5 Qc5 21. Nb3 Qb5 22. Kb1
Qb7 23. f4 Ba4 24. Qd3 Bxb3 25. cxb3 Rb8 26. Ka2 a5 27. Rdg1 a4 28. b4 Qb5 29. Qxb5
Rxb5 30. Rd1 Rf7 31. Rhf1 Rb7 32. f5 gxf5 33. exf5 Ng3 34. Rf3 Ne4  1-0

[Event "British Chess Championships 2023: Junior Blitz Open"]
[Site "The Venue, De Montfort University, 20 Western Boulevard, Leicester, LE2 7BU"]
[Date "2023.07.27"]
[Round "6"]
[Board "1"]
[White "Dayal, Samar"]
[Black "Badacsonyi, Stanley"]
[Result "1-0"]
[WhiteElo "1400"]
[BlackElo "2231"]
[PlyCount "0"]
[EventDate "2023.07.27"]
[EventRounds "9"]
[EventCountry "ENG"]

1. e4 e6 2. d4 d5 3. exd5 exd5 4. c4 Nf6 5. Nc3 Bb4 6. Nf3 O-O 7. Bd3 dxc4 8. Bxc4
Re8+ 9. Be3 Nc6 10. O-O Bg4 11. h3 Bh5 12. a3 Bd6 13. Qe2 a6 14. Rad1 b5 15. Ba2
Rb8 16. Rfe1 b4 17. axb4 Nxb4 18. Bc4 a5 19. Ra1 c6 20. Rad1 Nfd5 21. Nxd5 cxd5 22.
Bb3 Qd7 23. Ra1 Ra8 24. Ba4 Qf5 25. Bxe8 Bxf3 26. Qxf3 Qxf3 27. gxf3 Nc2 28. Bc6
Rb8 29. Rec1 Nxa1 30. Rxa1 Rxb2 31. Rxa5 h6 32. Bxd5 Kh7 33. Be4+ g6 34. Ra6 Bf8
35. d5 Rb7 36. d6 Rd7 37. Bc5 Bg7 38. Ra7 Rxa7 39. Bxa7 f5 40. d7 Bf6 41. Bd5 g5
42. Bb6 Kg6 43. d8=Q Bxd8 44. Bxd8 h5 45. Kg2 g4 46. fxg4 fxg4 47. hxg4 hxg4 48.
Kg3 Kf5 49. Bb7  1-0

[Event "British Chess Championships 2023: Junior Blitz Open"]
[Site "The Venue, De Montfort University, 20 Western Boulevard, Leicester, LE2 7BU"]
[Date "2023.07.27"]
[Round "6"]
[Board "2"]
[White "Kothari, Jai"]
[Black "Humphreys, Benjamin"]
[Result "1-0"]
[WhiteElo "1951"]
[BlackElo "1723"]
[PlyCount "0"]
[EventDate "2023.07.27"]
[EventRounds "9"]
[EventCountry "ENG"]

1. e4 d5 2. exd5 Nf6 3. d4 Bg4 4. Be2 Bxe2 5. Nxe2 Qxd5 6. O-O e6 7. b3 Qh5 8. Bb2
Bd6 9. Ng3 Qh4 10. Nd2 Nc6 11. Nf3 Qh6 12. c4 O-O-O 13. Qc1 Qxc1 14. Raxc1 Bxg3 15.
hxg3 Rhe8 16. Rfd1 h6 17. a3 a5 18. Rd2 e5 19. d5 Nd4 20. Nxd4 exd4 21. Bxd4 Ne4
22. Re2 f6 23. Rce1 Nd6 24. Rxe8 Rxe8 25. Rxe8+ Nxe8 26. f3 Nd6 27. c5 Nf5 28. Bf2
Kd7 29. Kf1 Ne7 30. Be1 Nxd5 31. Bxa5 Ne3+ 32. Kf2 Nc2 33. a4 Na1 34. Bc3 Nxb3 35.
Bb4 Nd4 36. Bc3 Nc6 37. Ke3 Ke6 38. Ke4 f5+ 39. Kd3 g6 40. Kc4 Ne5+ 41. Bxe5 Kxe5
42. a5  1-0

[Event "British Chess Championships 2023: Junior Blitz Open"]
[Site "The Venue, De Montfort University, 20 Western Boulevard, Leicester, LE2 7BU"]
[Date "2023.07.27"]
[Round "6"]
[Board "3"]
[White "Zhu, Pengxiao"]
[Black "Banerjee, Supratit"]
[Result "0-1"]
[WhiteElo "1759"]
[BlackElo "1918"]
[PlyCount "0"]
[EventDate "2023.07.27"]
[EventRounds "9"]
[EventCountry "ENG"]

1. d4 d5 2. c4 e6 3. Nc3 Nf6 4. cxd5 exd5 5. Bg5 Be7 6. e3 O-O 7. Bd3 c6 8. Qc2 h6
9. Bh4 Re8 10. Nge2 Bd6 11. O-O-O b5 12. a3 a5 13. e4 dxe4 14. Nxe4 Be7 15. Nxf6+
Bxf6 16. Bxf6 Qxf6 17. Ng3 Be6 18. Ne4 Qe7 19. Rhe1 Nd7 20. Nc5 Nxc5 21. dxc5 a4
22. Qc3 Qg5+ 23. Kb1 Bb3 24. Rc1 Rad8 25. Be4 Bd5 26. Bxd5 Qxd5 27. Rxe8+ Rxe8 28.
f3 Re2 29. Rc2 Re5 30. Rc1 Qe6 31. Qd4 Rd5 32. Qc3 Qg6+ 33. Ka2 Qxg2 34. Re1 Qg6
35. Qb4 Kh7 36. Re4 Qf5 37. Rf4 Qe6 38. Kb1 Rd1+ 39. Kc2 Qe2+ 40. Kc3 Rc1+ 41. Kd4
Rc4+  0-1

[Event "British Chess Championships 2023: Junior Blitz Open"]
[Site "The Venue, De Montfort University, 20 Western Boulevard, Leicester, LE2 7BU"]
[Date "2023.07.27"]
[Round "6"]
[Board "4"]
[White "Zhao, George"]
[Black "Cancedda-Dupuis, Livio"]
[Result "1/2-1/2"]
[WhiteElo "1720"]
[BlackElo "1862"]
[PlyCount "0"]
[EventDate "2023.07.27"]
[EventRounds "9"]
[EventCountry "ENG"]

1. d4 Nf6 2. Nf3 d5 3. g3 Bf5 4. Bg2 h6 5. O-O e6 6. a3 c5 7. Nbd2 Nc6 8. dxc5 Bxc5
9. b4 Bb6 10. Bb2 a6 11. c4 O-O 12. Rc1 Rc8 13. Qb3 d4 14. Rfd1 d3 15. Bxf6 Qxf6
16. exd3 Rcd8 17. Ne4 Bxe4 18. dxe4 Nd4 19. Nxd4 Bxd4 20. Rf1 e5 21. c5 Rd7 22. Bh3
Rc7 23. a4 a5 24. Rc4 Ra8 25. Rcc1 axb4 26. Qxb4 Qc6 27. Qb6 Bxc5 28. Qxc6 Rxc6 29.
Rb1 Rc7 30. Ra1 Bd4 31. Ra2 Ra5 32. Rb1 b6 33. Bf1 Kf8 34. Bb5 Ke7 35. Kg2 f6 36.
f3 Rc3 37. Rd2 Ra7 38. g4 Be3 39. Re2 Rac7 40. h3 Bd4 41. Rbb2 Rc1 42. Rbd2 Rg1+
43. Kh2 Rcc1 44. Rg2 Rh1+ 45. Kg3 g5 46. Rh2 Rhf1 47. Bxf1 Rxf1 48. Ra2  1/2-1/2

[Event "British Chess Championships 2023: Junior Blitz Open"]
[Site "The Venue, De Montfort University, 20 Western Boulevard, Leicester, LE2 7BU"]
[Date "2023.07.27"]
[Round "6"]
[Board "5"]
[White "Lebedev, Lion"]
[Black "Mathur, Pranav"]
[Result "1-0"]
[WhiteElo "1865"]
[BlackElo "2026"]
[PlyCount "0"]
[EventDate "2023.07.27"]
[EventRounds "9"]
[EventCountry "ENG"]

1. e4 c5 2. Nf3 Nc6 3. d4 cxd4 4. Nxd4 Nf6 5. Nc3 e6 6. a3 a6 7. Be3 Be7 8. f3 d5
9. exd5 exd5 10. Qd2 O-O 11. O-O-O Nxd4 12. Bxd4 Be6 13. g4 b5 14. g5 Nh5 15. h4
b4 16. axb4 Bxb4 17. Bd3 Qa5 18. Kb1 Ng3 19. Rhg1 Nf5 20. Bxf5 Bxf5 21. Qf4 Bg6 22.
h5 Bxc2+ 23. Kxc2 Rae8 24. h6 Re6 25. Bxg7 Rfe8 26. g6 fxg6 27. Rge1 Rxe1 28. Rxe1
Rxe1 29. Qb8+ Kf7 30. Qa7+ Re7 31. Qd4 Bxc3 32. Qf4+ Ke8 33. bxc3 Qa2+ 34. Kd3 Qe2+
35. Kd4 Qd1+ 36. Kc5 Qg1+  1-0

[Event "British Chess Championships 2023: Junior Blitz Open"]
[Site "The Venue, De Montfort University, 20 Western Boulevard, Leicester, LE2 7BU"]
[Date "2023.07.27"]
[Round "6"]
[Board "6"]
[White "Babu, Rahul"]
[Black "Yu, Rock"]
[Result "1-0"]
[WhiteElo "1863"]
[BlackElo "1637"]
[PlyCount "0"]
[EventDate "2023.07.27"]
[EventRounds "9"]
[EventCountry "ENG"]

1. e4 Nf6 2. e5 Nd5 3. d4 d6 4. Nf3 dxe5 5. Nxe5 c6 6. Be2 Bf5 7. O-O e6 8. Bd3 Bxd3
9. Qxd3 Nd7 10. f4 Be7 11. c3 O-O 12. Nd2 Nxe5 13. fxe5 Bg5 14. Ne4 Bxc1 15. Raxc1
f6 16. exf6 Nxf6 17. Nc5 Qc8 18. Rce1 Re8 19. Qh3 Kf7 20. Qxh7 b6 21. Ne4  1-0

[Event "British Chess Championships 2023: Junior Blitz Open"]
[Site "The Venue, De Montfort University, 20 Western Boulevard, Leicester, LE2 7BU"]
[Date "2023.07.27"]
[Round "6"]
[Board "7"]
[White "Catabay, Mae C"]
[Black "Han, Yichen"]
[Result "0-1"]
[WhiteElo "1494"]
[BlackElo "2355"]
[PlyCount "0"]
[EventDate "2023.07.27"]
[EventRounds "9"]
[EventCountry "ENG"]

1. d4 d5 2. Nf3 Nf6 3. c4 e6 4. Nc3 c6 5. g3 dxc4 6. Bg2 Nbd7 7. e4 b5 8. a3 a5 9.
O-O Bb7 10. Be3 Be7 11. Qd2 O-O 12. Rfd1 b4 13. axb4 axb4 14. Ne2 Nxe4 15. Qc2 Nd6
16. Ne5 Qc7 17. Nxc4 Nxc4 18. Qxc4 Nb6 19. Qd3 Nd5 20. Nf4 Bd6 21. Nxd5 cxd5 22.
Rac1 Qd7 23. f4 Ba6 24. Qd2 Rfc8 25. Qe1 Bc4 26. Ra1 Qb7 27. Qf2 Rxa1 28. Rxa1 Ra8
29. Rc1 Rc8 30. f5 exf5 31. Qxf5 g6 32. Qf6 Bf8 33. Qf4 Qd7 34. Bd2 b3 35. Bc3 Re8
36. Re1 Rxe1+ 37. Bxe1 Qe6 38. Bc3 Qe2 39. Bf1 Qd1 40. Qf2 Bh6 41. Kg2 Be3 42. Qf6
Qc2+ 43. Kh3 Bg1 44. Bg2 Qe2 45. Qd8+ Kg7 46. Qg5 Bd3 47. Qe5+ Qxe5 48. dxe5 d4 49.
Bd2 Be3 50. Be1 h5 51. g4 Be2 52. gxh5 g5 53. Kg3 d3  0-1

[Event "British Chess Championships 2023: Junior Blitz Open"]
[Site "The Venue, De Montfort University, 20 Western Boulevard, Leicester, LE2 7BU"]
[Date "2023.07.27"]
[Round "6"]
[Board "8"]
[White "Nawalaniec, Adam"]
[Black "Sedykh, Stakhey"]
[Result "1-0"]
[WhiteElo "1614"]
[BlackElo "1832"]
[PlyCount "0"]
[EventDate "2023.07.27"]
[EventRounds "9"]
[EventCountry "ENG"]

1. e4 e5 2. Nf3 Nc6 3. Bc4 Bc5 4. O-O Nf6 5. d4 exd4 6. e5 d5 7. exf6 dxc4 8. Re1+
Be6 9. Ng5 Qxf6 10. Nxe6 fxe6 11. Qh5+ Qf7 12. Qxc5 O-O-O 13. Nd2 Rhf8 14. Ne4 Rd5
15. Qxc4 Re5 16. Qf1 Rf5 17. Bd2 Ne5 18. f4 Qg6 19. Qe2 h6 20. fxe5 Rxe5 21. Qd3
Qe8 22. Qg3 Rb5 23. Bf4 e5 24. Qxg7 Rxf4 25. Rf1 Rxf1+ 26. Rxf1 Qd8 27. Rf8 Qxf8
28. Qxf8+ Kd7 29. Qf7+ Kc6 30. Qe6#  1-0

[Event "British Chess Championships 2023: Junior Blitz Open"]
[Site "The Venue, De Montfort University, 20 Western Boulevard, Leicester, LE2 7BU"]
[Date "2023.07.27"]
[Round "6"]
[Board "9"]
[White "Vaidyanathan, Adithya"]
[Black "Pert, Max P"]
[Result "0-1"]
[WhiteElo "1810"]
[BlackElo "1614"]
[PlyCount "0"]
[EventDate "2023.07.27"]
[EventRounds "9"]
[EventCountry "ENG"]

1. Nf3 d5 2. d4 Nf6 3. c4 e6 4. Nc3 a6 5. Bg5 dxc4 6. a4 Nc6 7. e4 Na5 8. e5 h6 9.
exf6 hxg5 10. fxg7 Bxg7 11. h3 Nb3 12. Rb1 Nxd4 13. Bxc4 Nxf3+ 14. Qxf3 Qf6 15. Qg3
Bd7 16. O-O O-O-O 17. Rfd1 Bc6 18. Ne2 Rh4 19. Bb3 g4 20. Rxd8+ Qxd8 21. Rd1 Qf6
22. Nd4 Bd7 23. Rc1 c6 24. Bc4 gxh3 25. Bxa6 Rxd4 26. Be2 Qf4 27. Qc3 Rd1+ 28. Rxd1
Bxc3 29. bxc3 hxg2 30. Kxg2 Qxa4 31. Rd4 Qc2 32. Bh5 Qxc3 33. Rg4 Qf6 34. Rg8+ Kc7
35. Rg3 c5 36. Be2 Bc6+ 37. Kg1 Qa1+ 38. Bf1 Bb5 39. Kh2 Qxf1 40. Rg1 Qxf2+ 41. Rg2
Qh4+ 42. Kg1 Bc6 43. Re2 Qh1+ 44. Kf2 Qg2+ 45. Ke3 Qxe2+ 46. Kxe2 b5 47. Kd3 f5 48.
Ke3 b4 49. Kd3 f4 50. Kc4 f3 51. Kxc5 f2 52. Kxb4 f1=Q 53. Kc3 Qe2 54. Kd4 Qf3 55.
Ke5 Qd5+ 56. Kf6 Qf5+ 57. Kg7 e5 58. Kh6 Qg4 59. Kh7 Bd5 60. Kh6 Bf7 61. Kh7 Qg6
62. Kh8 Qg8+  0-1

[Event "British Chess Championships 2023: Junior Blitz Open"]
[Site "The Venue, De Montfort University, 20 Western Boulevard, Leicester, LE2 7BU"]
[Date "2023.07.27"]
[Round "6"]
[Board "10"]
[White "Li, Xiaofan"]
[Black "Madhavan, Sanjith"]
[Result "0-1"]
[WhiteElo "1673"]
[BlackElo "1793"]
[PlyCount "0"]
[EventDate "2023.07.27"]
[EventRounds "9"]
[EventCountry "ENG"]

1. e4 c6 2. c4 d5 3. cxd5 cxd5 4. exd5 Nf6 5. Nc3 Nxd5 6. Nf3 Nc6 7. d4 Bg4 8. Be2
e6 9. h3 Bh5 10. O-O Be7 11. Re1 O-O 12. a3 Rc8 13. Bd2 Bf6 14. Be3 Na5 15. Ne4 Be7
16. b4 Nc4 17. Bxc4 Rxc4 18. Ng3 Bg6 19. Ne5 Rc8 20. Rc1 Nxe3 21. fxe3 Rxc1 22. Qxc1
Bh4 23. Nxg6 hxg6 24. Kh2 Qd6  0-1

[Event "British Chess Championships 2023: Junior Blitz Open"]
[Site "The Venue, De Montfort University, 20 Western Boulevard, Leicester, LE2 7BU"]
[Date "2023.07.27"]
[Round "6"]
[Board "11"]
[White "Pert, Nina P"]
[Black "Sisupalan, Beni"]
[Result "1-0"]
[WhiteElo "1735"]
[BlackElo "1585"]
[PlyCount "0"]
[EventDate "2023.07.27"]
[EventRounds "9"]
[EventCountry "ENG"]

1. e4 e5 2. Nf3 Nc6 3. Bc4 Bc5 4. c3 Nf6 5. d4 exd4 6. cxd4 Bb4+ 7. Nbd2 Bxd2+ 8.
Bxd2 d5 9. exd5 Nxd5 10. O-O O-O 11. Bg5 Qd6 12. Re1 Bg4 13. h3 Bxf3 14. Qxf3 Nb6
15. Bd3 Nxd4 16. Qe4 Qg6 17. Qe3 Qd6 18. Be7 Qd7 19. Bxf8 Rxf8 20. Rad1 c5 21. Qg5
Qc6 22. h4 h6 23. Qg4 Qf6 24. Re4 Nd5 25. Rde1 g6 26. h5 g5 27. Re5 Nb4 28. Bc4 b5
29. Bd5 Nxd5 30. Rxd5 Qc6 31. Rde5 Qf6 32. Rxc5 Qd6 33. Rce5 Qf6 34. Qxd4 a6 35.
Qe4 Qd6 36. Rf5 Kg7 37. Qf3 Qd7 38. Rf6 Qd8 39. Rxa6 Qd7 40. Qc3+ Kg8 41. Rxh6 f6
42. Rg6+ Kh7 43. Qc5 Rf7 44. Qc2 Kh8 45. Rd1 Qe7 46. h6 Qc7 47. Qe2 Qb7 48. Qe8+
Kh7 49. Qg8#  1-0

[Event "British Chess Championships 2023: Junior Blitz Open"]
[Site "The Venue, De Montfort University, 20 Western Boulevard, Leicester, LE2 7BU"]
[Date "2023.07.27"]
[Round "6"]
[Board "12"]
[White "Marsden, Rupert"]
[Black "Kairat, Alexander"]
[Result "0-1"]
[WhiteElo "1707"]
[BlackElo "1486"]
[PlyCount "0"]
[EventDate "2023.07.27"]
[EventRounds "9"]
[EventCountry "ENG"]

1. f4 d5 2. Nf3 Nc6 3. g3 e6 4. Bg2 Nf6 5. O-O Bd6 6. e3 Ne7 7. d3 c5 8. Qe1 O-O
9. e4 dxe4 10. dxe4 Nd7 11. Nc3 a6 12. a4 Nb6 13. b3 Qc7 14. Bb2 c4 15. Rc1 Bd7 16.
e5 Bc5+ 17. Kh1 Rac8 18. Ne4 Rfe8 19. Nxc5 Qxc5 20. Bd4 Qc7 21. Qf2 Nbd5 22. Ng5
Nf5 23. Bxd5 exd5 24. Bb6 Qc6 25. a5 h6 26. Nf3 cxb3 27. cxb3 Qxc1 28. Rxc1 Rxc1+
29. Kg2 Rec8 30. g4 R1c2 31. Nd2 Ne7 32. f5 Bc6 33. f6 Ng6 34. fxg7 d4+ 35. Kh3 Nxe5
36. Bxd4 Ng6 37. Qe3 Bd5 38. Qxh6 f6 39. Bxf6 Kf7 40. Bd4 R2c6 41. Qg5 Re6 42. Qf5+
Kg8 43. g5 Rce8 44. Bf6 Re3+ 45. Kg2 Re2+ 46. Kg3 R8e3+ 47. Kg4 Be6 48. Qxe6+ Rxe6
49. Kh5 R6e3 50. Kxg6 Rxb3 51. h4 Re6 52. h5 Rd3 53. h6 Rxf6+  0-1

[Event "British Chess Championships 2023: Junior Blitz Open"]
[Site "The Venue, De Montfort University, 20 Western Boulevard, Leicester, LE2 7BU"]
[Date "2023.07.27"]
[Round "6"]
[Board "13"]
[White "Hariharan, Shambavi"]
[Black "Patel, Zain"]
[Result "0-1"]
[WhiteElo "1528"]
[BlackElo "1919"]
[PlyCount "0"]
[EventDate "2023.07.27"]
[EventRounds "9"]
[EventCountry "ENG"]

1. d4 Nf6 2. c4 e6 3. Nf3 d5 4. g3 dxc4 5. Bg2 c5 6. Qc2 a6 7. Qxc4 b5 8. Qd3 Bb7
9. dxc5 Qxd3 10. exd3 Bxc5 11. O-O O-O 12. Nc3 Nc6 13. Be3 Bxe3 14. fxe3 Rfd8 15.
d4 Nb4 16. Rae1 Nbd5 17. Nxd5 Bxd5 18. Ne5 Rac8 19. Rc1 Bxg2 20. Kxg2 Nd5 21. Rxc8
Rxc8 22. Rxf7 Nxe3+ 23. Kf3 Nf5 24. Ke4 Nd6+ 25. Kf4 Nxf7 26. Nxf7 Kxf7 27. Ke5 Rc2
28. d5 Rc5 29. Kd4 Rxd5+ 30. Ke4 Kf6 31. h4 Rd2 32. b4 Rxa2 33. g4 Ra4 34. Kf3 Rxb4
35. g5+ Kf5 36. h5 Kxg5 37. h6 g6 38. Ke2 Kf4 39. Kd3 Rc4 40. Kd2 a5 41. Kd3 a4 42.
Kd2 a3 43. Kd3 a2 44. Kd2 a1=Q 45. Kd3 Qc3+ 46. Ke2 Ke4 47. Kf2 Qd2+ 48. Kg3 Rc3+
49. Kg4 Qg2 50. Kh4 Rh3  0-1

[Event "British Chess Championships 2023: Junior Blitz Open"]
[Site "The Venue, De Montfort University, 20 Western Boulevard, Leicester, LE2 7BU"]
[Date "2023.07.27"]
[Round "6"]
[Board "14"]
[White "Mittal, Aditya"]
[Black "Rastogi, Nayan Keats"]
[Result "1/2-1/2"]
[WhiteElo "1737"]
[BlackElo "1434"]
[PlyCount "0"]
[EventDate "2023.07.27"]
[EventRounds "9"]
[EventCountry "ENG"]

1. b3 e5 2. Bb2 Nc6 3. c4 g6 4. Nf3 Bg7 5. e3 Nge7 6. Nc3 O-O 7. Be2 d6 8. d4 b6
9. dxe5 dxe5 10. O-O Bb7 11. Qc2 Nf5 12. Rad1 Qe7 13. a3 Nd8 14. Nd5 Bxd5 15. Rxd5
c6 16. Rd2 Nb7 17. Rfd1 Rad8 18. h3 Nc5 19. b4 Nb7 20. e4 Nh4 21. Rxd8 Nxf3+ 22.
Bxf3 Rxd8 23. Rd3 Rxd3 24. Qxd3 Qd6 25. Be2 Qxd3 26. Bxd3 a5 27. Kf1 f6 28. Bc3 Bf8
29. Ke2 axb4 30. axb4 c5 31. b5 Nd6 32. f4 Bg7 33. fxe5 fxe5 34. Ke3 Bh6+ 35. Ke2
Bf4 36. Kf3 Nf7 37. g3 Bc1 38. Bc2 Bh6 39. Ke2 Kf8 40. Kf3 Ke7 41. h4  1/2-1/2

[Event "British Chess Championships 2023: Junior Blitz Open"]
[Site "The Venue, De Montfort University, 20 Western Boulevard, Leicester, LE2 7BU"]
[Date "2023.07.27"]
[Round "6"]
[Board "15"]
[White "Leung, Hao Ran"]
[Black "Roul, Tushar"]
[Result "0-1"]
[WhiteElo "1432"]
[BlackElo "1660"]
[PlyCount "0"]
[EventDate "2023.07.27"]
[EventRounds "9"]
[EventCountry "ENG"]

1. Nf3 d5 2. g3 Nf6 3. Bg2 Bf5 4. O-O c6 5. d3 Nbd7 6. Nbd2 Bg6 7. c4 e6 8. b3 Be7
9. Bb2 O-O 10. Re1 c5 11. cxd5 exd5 12. e4 d4 13. Nh4 h6 14. Nxg6 fxg6 15. f4 Nb6
16. a4 a5 17. Nc4 Nxc4 18. bxc4 h5 19. e5 Ng4 20. Bxb7 Rb8 21. Bd5+ Kh8 22. Bc1 g5
23. Bf3 Nh6 24. Bxh5 gxf4 25. Bxf4 Bg5 26. Bxg5 Qxg5 27. Qe2 g6 28. Bf3 Nf5 29. Bd5
Rbe8 30. e6 Ne3 31. Qd2 Rf6 32. Be4 Rfxe6 33. Qxa5 Nf5 34. Qxc5 Nxg3  0-1

[Event "British Chess Championships 2023: Junior Blitz Open"]
[Site "The Venue, De Montfort University, 20 Western Boulevard, Leicester, LE2 7BU"]
[Date "2023.07.27"]
[Round "6"]
[Board "16"]
[White "Sasikumar, Srivathsan"]
[Black "Aleksandrov, Igor"]
[Result "1-0"]
[WhiteElo "1787"]
[BlackElo "1637"]
[PlyCount "0"]
[EventDate "2023.07.27"]
[EventRounds "9"]
[EventCountry "ENG"]

1. e4 c6 2. d4 d5 3. exd5 cxd5 4. c4 Nf6 5. Nc3 g6 6. Bg5 Bg7 7. Bxf6 Bxf6 8. cxd5
O-O 9. Nf3 Nd7 10. Bc4 Nb6 11. Bb3 Bg4 12. O-O Bxf3 13. Qxf3 Bxd4 14. Rad1 Bf6 15.
Rfe1 Re8 16. Ne4 Bxb2 17. d6 e6 18. Nc5 Rb8 19. d7 Re7 20. Nxb7 Qc7 21. d8=Q+ Rxd8
22. Rxd8+ Kg7 23. Rdd1 Qxb7 24. Qxb7 Rxb7 25. Re2 Bf6 26. h3 a5 27. Red2 a4 28. Bc2
Rc7 29. Be4 Bg5 30. Rc2 Re7 31. Rb1 Nd7 32. Rb7 Ne5 33. Rxe7 Bxe7 34. f4 Nd7 35.
Rc7 Nc5 36. Rxe7 Nxe4 37. Ra7 Nc3 38. a3 Kf6 39. Ra5 Ke7 40. Kf1 Kd6 41. Ke1 Kc6
42. Ra7 Nb5 43. Rxa4 Kb6 44. Kd2 Nd6 45. g4 Kb5 46. Ra8 Nc4+ 47. Kd3 Nd6 48. a4+
Kb6 49. Kd4 Kb7 50. Rh8 Ka6 51. Rxh7 Ka5 52. Kc5 Ne4 53. Kd4 Ng3 54. Rxf7 Kxa4 55.
Rf6 Ne2 56. Ke3 Nc3 57. Rxe6 Nd5+ 58. Kf3 Kb5 59. Rxg6 Kc5 60. Rg5 Kd6 61. Rxd5+
Kxd5 62. h4  1-0

[Event "British Chess Championships 2023: Junior Blitz Open"]
[Site "The Venue, De Montfort University, 20 Western Boulevard, Leicester, LE2 7BU"]
[Date "2023.07.27"]
[Round "6"]
[Board "17"]
[White "Burnton, Joshua"]
[Black "Kumar, Sachin"]
[Result "1-0"]
[WhiteElo "1733"]
[BlackElo "1608"]
[PlyCount "0"]
[EventDate "2023.07.27"]
[EventRounds "9"]
[EventCountry "ENG"]

1. e4 c5 2. Nc3 e6 3. f4 d5 4. Nf3 Nc6 5. Bb5 Nf6 6. Bxc6+ bxc6 7. d3 Ba6 8. e5 Nd7
9. O-O Be7 10. Qe1 O-O 11. Qg3 Re8 12. Re1 Nf8 13. b3 f6 14. Na4 Bb5 15. Nc3 Ba6
16. Ba3 Qc8 17. Na4 Nd7 18. exf6 Bxf6 19. Ne5 Bb5 20. Nc3 Ba6 21. Rad1 Nxe5 22. fxe5
Be7 23. Na4 c4 24. Bc1 cxd3 25. Bh6 Bf8 26. Rf1 Qd7 27. cxd3 Kh8 28. Bf4 g6 29. Kh1
Bg7 30. Nc5 Qc8 31. Bg5 Bb7 32. Qh4 Qc7 33. Bf6 a5 34. Bxg7+ Qxg7 35. Qf6 Qxf6 36.
Rxf6 Bc8 37. Rdf1 Kg8 38. Rf7 Ba6 39. Rc7 Rac8 40. Nxa6 Rxc7 41. Nxc7 Re7 42. Na6
Ra7 43. Nc5 Re7 44. d4 Rf7 45. Kg1 Rxf1+ 46. Kxf1 Kf7 47. Nb7 Ke7 48. Nxa5 Kd7 49.
Nb7 Kc7 50. Nc5 Kd8 51. Nxe6+ Ke7 52. Nc5 Kd8 53. a4 Kc7 54. e6 Kd6 55. a5 Ke7 56.
a6 h5 57. a7 h4 58. a8=Q h3 59. Qb7+ Kf6 60. Qf7+ Kg5 61. gxh3 Kh4 62. Qf4+ Kh5 63.
e7 g5 64. Qg4+ Kh6 65. e8=R Kh7 66. Qd7+ Kh6 67. Re6+ Kh5 68. Qh7#  1-0

[Event "British Chess Championships 2023: Junior Blitz Open"]
[Site "The Venue, De Montfort University, 20 Western Boulevard, Leicester, LE2 7BU"]
[Date "2023.07.27"]
[Round "6"]
[Board "18"]
[White "Schweitzer, Zubin"]
[Black "Verbytski, Oleg"]
[Result "0-1"]
[WhiteElo "1495"]
[BlackElo "1727"]
[PlyCount "0"]
[EventDate "2023.07.27"]
[EventRounds "9"]
[EventCountry "ENG"]

1. e4 c5 2. Nc3 e6 3. f4 d5 4. Nf3 Nf6 5. Bb5+ Bd7 6. Bxd7+ Qxd7 7. O-O Be7 8. e5
Ng8 9. d3 h5 10. h3 Nh6 11. a4 Nf5 12. Qe2 Ng3 13. Qf2 Nxf1 14. Qxf1 Nc6 15. Bd2
a6 16. Ne2 g6 17. Kh1 Rc8 18. c3 d4 19. c4 Bd8 20. Ng3 Ne7 21. Ne4 Nf5 22. Nd6+ Qxd6
23. exd6 Ng3+ 24. Kg1 Nxf1 25. Rxf1 f6 26. Re1 Kd7 27. Nh4 Rg8 28. g4 hxg4 29. hxg4
Kxd6 30. f5 gxf5 31. Bf4+ Kd7 32. Kf2 Rxg4 33. Ng2 e5 34. Bd2 f4 35. Re4 Kd6 36.
b4 b6 37. b5 axb5 38. axb5 f5 39. Re1 Ra8 40. Kf3 Ra2 41. Rd1 Bh4 42. Nxh4 Rxh4 43.
Be1 Rh3+ 44. Bg3 Rxg3#  0-1